| 000 -LEADER |
| fixed length control field |
00719nam a2200241Ia 4500 |
| 001 - CONTROL NUMBER |
| control field |
17829 |
| 003 - CONTROL NUMBER IDENTIFIER |
| control field |
GE_BSU |
| 005 - DATE AND TIME OF LATEST TRANSACTION |
| control field |
20221114115736.0 |
| 008 - FIXED-LENGTH DATA ELEMENTS--GENERAL INFORMATION |
| fixed length control field |
181216s2012 xx |||||||||||||| || || |
| 020 ## - INTERNATIONAL STANDARD BOOK NUMBER |
| International Standard Book Number |
9781408267196x |
| 040 ## - CATALOGING SOURCE |
| Transcribing agency |
GE_BSU |
| 041 ## - LANGUAGE CODE |
| Language code of text/sound track or separate title |
eng |
| 080 ## - UNIVERSAL DECIMAL CLASSIFICATION NUMBER |
| Universal Decimal Classification number |
811.111(075.8) C-87 |
| 100 ## - MAIN ENTRY--PERSONAL NAME |
| Personal name |
Clace, A. |
| 9 (RLIN) |
7451 |
| 245 ## - TITLE STATEMENT |
| Title |
Total English. Pre-Intermediate. Students book. CD : |
| Remainder of title |
New. Students book. / |
| Statement of responsibility, etc. |
A. Clace ; R. Acklam |
| 264 ## - PRODUCTION, PUBLICATION, DISTRIBUTION, MANUFACTURE, AND COPYRIGHT NOTICE |
| Place of production, publication, distribution, manufacture |
Edinburg : |
| Name of producer, publisher, distributor, manufacturer |
Pearson, |
| Date of production, publication, distribution, manufacture, or copyright notice |
2012. |
| 300 ## - PHYSICAL DESCRIPTION |
| Extent |
160 p. : |
| Other physical details |
ill ; |
| Dimensions |
28 cm. |
| Accompanying material |
+CD |
| 653 ## - INDEX TERM--UNCONTROLLED |
| keyword |
Students book. |
| 653 ## - INDEX TERM--UNCONTROLLED |
| keyword |
Total English. Pre-Intermediate. |
| 653 ## - INDEX TERM--UNCONTROLLED |
| keyword |
ინგლისური ენა |
| 700 ## - ADDED ENTRY--PERSONAL NAME |
| Personal name |
Acklam, R. |
| 9 (RLIN) |
7452 |
| 942 ## - ADDED ENTRY ELEMENTS (KOHA) |
| Koha item type |
წიგნი |
| Source of classification or shelving scheme |
|